|
|
|
|
| LEADER |
00000nam0a2200000 4500 |
| 001 |
9224 |
| 005 |
20231101204637.0 |
| 010 |
|
|
|a 5776200458
|
| 035 |
|
|
|a (RuTPU)RU\TPU\book\9276
|
| 035 |
|
|
|a BOOK00009337
|
| 090 |
|
|
|a 9224
|
| 100 |
|
|
|a 20011209d1998 m y0rusy50 ca
|
| 101 |
0 |
|
|a rus
|
| 102 |
|
|
|a RU
|
| 105 |
|
|
|a y j 000zy
|
| 200 |
1 |
|
|a Основы физики
|e учебник
|f Л. А. Грибов, Н. И. Прокофьева
|
| 205 |
|
|
|a 3-е изд.
|
| 210 |
|
|
|a Москва
|c Гардарика
|d 1998
|
| 215 |
|
|
|a 564 с.
|
| 606 |
|
|
|a Физика
|2 stltpush
|3 (RuTPU)RU\TPU\subj\63709
|9 80688
|
| 610 |
1 |
|
|a классическая механика
|
| 610 |
1 |
|
|a термодинамика
|
| 610 |
1 |
|
|a молекулярная физика
|
| 610 |
1 |
|
|a электромагнитные явления
|
| 610 |
1 |
|
|a оптика
|
| 610 |
1 |
|
|a вещества
|
| 610 |
1 |
|
|a учебные пособия
|
| 675 |
|
|
|a 53(075.8)
|v 3
|
| 700 |
|
1 |
|a Грибов
|b Л. А.
|g Лев Александрович
|
| 701 |
|
1 |
|a Прокофьева
|b Н. И.
|g Нина Ивановна
|
| 801 |
|
0 |
|a RU
|b 63413507
|c 20011209
|g PSBO
|
| 801 |
|
2 |
|a RU
|b 63413507
|c 20201117
|g PSBO
|
| 900 |
|
|
|a Физика
|
| 942 |
|
|
|c BK
|